000
00305nam a2200133Ia 4500
008
190216s9999||||xx |||||||||||||| ||und||
100
_a
Kalavathy
245
0
_a
Operation Research
250
_a
2nd Ed.
260
_b
Vikas Publishing House
_c
2002
300
_a
536
650
_a
Mathematics
942
_c
BK
999
_c
31699
_d
31699